Statistics for Mario Kart Games

Click here to take the quiz!

General Stats

  • This quiz has been taken 51 times
  • The average score is 9 of 12

Answer Stats

Release YearGame% Correct
1992Super Mario Kart
97%
2014Mario Kart 8
95%
2005Mario Kart DS
89%
2008Mario Kart Wii
89%
2011Mario Kart 7
89%
1996Mario Kart 64
87%
2003Mario Kart: Double Dash
87%
2017Mario Kart 8 Deluxe
84%
2001Mario Kart: Super Circuit
63%
2005Mario Kart Arcade GP
42%
2007Mario Kart Arcade GP 2
26%
2013Mario Kart Arcade GP DX
18%

Score Distribution

Percentile by Number Answered

Percent of People with Each Score

Your Score History

You have not taken this quiz